000 00897cam a2200289 i 4500
003 DO-SdBNP
005 20231004132013.0
007 ta
008 751003s2018 sp 000 f spa d
020 _a9788417142698
040 _aDO-SdBNP
_bspa
_cBNPHU
_erda
082 _bC672
_222
100 1 _aCoello, Ana
_984353
245 1 0 _aVidas cruzadas /
_cAna Coello
246 1 0 _aVidas cruzadas :
_bdos mundos, un destino /
264 1 _aBarcelona, España :
_bNova Casa editorial,
_c2018.
300 _a364 páginas
_c21 cm.
336 _2rdacontent
_atexto
_btxt
337 _2rdamedia
_asin mediación
_bn
338 _2rdacarrier
_avolumen
_bnc
500 _aIncluye datos biográficos de la autora en la solapa de la portada.
590 _aInventariado, 2023/ YL
650 4 _aNovela irlandesa
_911511
651 _aLiteratura irlandesa
_984351
910 _aYlockward
942 _2ddc
_cLBS1
999 _c55060
_d55060